000 00547nam a2200229Ia 4500
003 OSt
005 20221005123354.0
006 a|||||r|||| 00| 0
007 ta
008 221004b |||||||| |||| 00| 0 urd d
024 _a13280
037 _cTextual
040 _aCRL
_cCRL
_burd
041 _2urd
_aurd
082 _aS, 168L5
100 _aRaees Amrohi
_9633609
245 0 _aLe sans bhi aahista
260 _c1975
650 _aPSYCHOLOGY
942 _hS, 168L5
_cTEXL
_2cc
999 _c1047247
_d1047247